| 000 | 01716cam a2200361 a 4500 | ||
|---|---|---|---|
| 999 |
_c248 _d248 |
||
| 001 | 12331845 | ||
| 003 | OSt | ||
| 005 | 20190802111950.0 | ||
| 008 | 010301r20011999enk b 001 0 eng | ||
| 010 | _a 2001274375 | ||
| 015 | _aGBA1-10178 | ||
| 020 | _a9780192893307 | ||
| 035 | _a(OCoLC)ocm45854372 | ||
| 040 |
_aUKM _cUKM _dDLC |
||
| 042 | _alccopycat | ||
| 043 | _ad------ | ||
| 082 | 0 | 0 |
_a338.9 SEN _221 |
| 100 | 1 |
_aSen, Amartya, _d1933- _eauthor |
|
| 245 | 1 | 0 |
_aDevelopment as freedom / _cAmartya Sen. |
| 260 |
_aOxford ; _aNew York : _bOxford University Press, _c2001. |
||
| 300 |
_axvi, 366 p. ; _bgraph ; _c20 cm. |
||
| 500 | _aOriginally published: 1999. | ||
| 504 | _aIncludes bibliographical references and index. | ||
| 505 | 8 | _aMachine generated contents note: Introduction: Development as Freedom -- The Perspective of Fredom -- The ends and the Means of Development -- 3 Freedom and the Foundations of ustice -- 4 Povertyas Capability Deprivation -- Markets, States, nd Social Opportunity -- 6 The Importane of Democracy -- 7 Famines and Other Crises -- S Women'sAgency ndSocial Chnge -- 9 Population, Food and Freedom -- 10 Culture and HumanRights -- 11 Social Choice and Individual Behavior -- Individual Freedom as a Social Commitment -- Notes -- Index. | |
| 650 | 0 | _aLiberty. | |
| 650 | 0 | _aFree enterprise. | |
| 650 | 0 |
_aEconomic development _xSocial aspects. |
|
| 651 | 0 |
_aDeveloping countries _xEconomic conditions. |
|
| 856 | 4 | 1 |
_3Table of contents _uhttp://www.loc.gov/catdir/toc/fy02/2001274375.html |
| 906 |
_a7 _bcbc _ccopycat _d2 _encip _f20 _gy-gencatlg |
||
| 942 |
_2ddc _cNFIC |
||